1378 1804 1235 1853 1134 1651 1227 1879 1499 1623 1865 1464 1118 1205 1215 1292 1164 1891 1050 1132 1415 1991 1923 1078 1227 1063 1409 1988 1349 1900 1666 1157 1287 1229 1791 1522 1145 1848 1380 1489 1628 1699 1080 1565 1878 1994 1657 1373 1198 1282 1964 1194 1316 1176 1969 1304 1218 1634 1688 1728 1665 1109 1873 1266 1085 1059 1352 1158 1296 1365 2000 1862 1671 1516 1695 1924 1966 1682 1516 1909 1498 1650 1222 1519 1142 1783 1552 1359 1139 1581 1120 1195 1537 1924 1826 1654 1801 1173 1112 BCNSPRNW ULIB Ver.6.0+V

เปลี่ยนเป็นภาษาไทย

Change to English
 แสดงรายละเอียดบรรณานุกรม
  กลับหน้าหลัก

Brief Record : Get Marc (ISO 2709) : E-mail record : QR code < ปิดหน้าต่าง
LEADER : 00000nam 2200000uu 4500
001    13399127479
003     ULIB
008    200610s2020||||th 000 0 tha d
020    ^a9780323485463
060 04 ^aWY154^bS541
245 00 ^aSheehy s emergency nursing :^bprinciples and practice /^cedited by Patricia Kunz Howard, Rebecca A. Steinmann ;Emergency Nurses Association
250    ^a7th ed.
260    ^aSt. Louis :^bMosby,^c2020
300    ^axviii, 745 p. :^bill. ;^c28 cm.
650  2 ^aEmergencies^xNursing
700 1  ^aHoward, Patricia Kunz,^eed.
700 1  ^aSteinmann, Rebecca A.,^eed.
711 2  ^aEmergency Nurses Association
945    ^p0^l0^i28385
999    ^aกัณชพร จุลอักษร
รายการนี้ยังไม่มีแท็ก
คุณยังไม่ได้ล็อกอิน คุณสามารถมีกิจกรรมร่วมกับเว็บไซต์ได้ แต่ต้องล็อกอินก่อน ::
  ล็อกอิน

รายการสื่อสารสนเทศ

ลำดับที่ ประเภท เลขเรียก/บาร์โค้ด สถานที่ สถานะ
1. หนังสือสำรอง
หนังสือสำรอง
WY154 S541 ฉ.1 
  Barcode: 28385
ห้องสมุดวิทยาเขตนครสวรรค์
►หนังสือทั่วไป:l:General Books
บนชั้น

รายการใกล้เคียง
    หัวเรื่อง [Emergencies Nursing]

BibComment


ยังไม่เคยถูกคอมเมนท์

คอมเมนท์ทรัพยากรรายการนี้
  คอมเมนท์: Sheehy s emergen..


 Copyright 2026. Bcnsprnw @Library